000 00334cam a2200145ua 4500
041 _aeng
_h
082 _a823.308
_bSAL/FR
100 _aSalinger, .
245 _aFranny and Zooey /
_cSalinger.
_hTextual Documents
260 _a :
_bPenquin book ,
_c1961.
300 _a157 ; .
504 _a
942 _cBK
999 _c4334
_d4334